000 00545nam a2200181 i 4500
001 61779
003 ES-MaACL
005 20230906164535.0
007 t|
008 031113s1905 sp ||||1| spa d
100 1 _aFarreras, Pedro.
_948897
245 1 0 _aTerapéutica médica del cáncer
_b: tesis de doctorado /
_cde Pedro Farreras y Sampere.
260 _aZaragoza :
_b[s.n.],
_c1905 (
_fE. Casañal)
300 _a55 p. ;
_c25 cm.
502 _aTesis Doctoral.
650 4 _aCáncer-
_xTratamiento.
_9151119
852 _aES-MaACL
_jT-1053-F-5
999 _c61779
_d61779